| Tag |
First Indicator |
Second Indicator |
Subfields |
| LEADER |
00000cam a2200000Ia 4500 |
| 001 |
in00001662321 |
| 005 |
20151024122114.0 |
| 008 |
010123s2000 txuab b 000 0 eng d |
| 035 |
|
|
|a (OCoLC)ocm45771216
|
| 040 |
|
|
|a TXH
|c TXH
|d TXA
|d UtOrBLW
|
| 043 |
|
|
|a n-us-tx
|
| 049 |
|
|
|a TXAM
|
| 086 |
0 |
|
|a H2000.8 T698WI 2000
|2 txdocs
|
| 090 |
|
|
|a F392.T7
|b B26 2000
|
| 100 |
1 |
|
|a Baker, Joan E.
|
| 245 |
1 |
0 |
|a Historical research and archeological investigations at the Williamson Creek Cemetery, 41TV1684, Travis County, Texas /
|c by Joan E. Baker, Martha Doty Freeman and Marie E. Blake ; co-principal investigators, Douglas K. Boyd and Marie E. Blake.
|
| 264 |
|
1 |
|a Austin, Tex. :
|b Prewitt and Associates,
|c [2000]
|
| 300 |
|
|
|a vii, 33 pages :
|b illustrations, maps ;
|c 28 cm.
|
| 336 |
|
|
|a text
|b txt
|2 rdacontent
|
| 337 |
|
|
|a unmediated
|b n
|2 rdamedia
|
| 338 |
|
|
|a volume
|b nc
|2 rdacarrier
|
| 490 |
1 |
|
|a Technical reports ;
|v no. 49
|
| 500 |
|
|
|a "December 2000."
|
| 504 |
|
|
|a Includes bibliographical references (pages 21-23).
|
| 650 |
|
0 |
|a Excavations (Archaeology)
|z Texas
|z Travis County.
|
| 651 |
|
0 |
|a Travis County (Tex.)
|x Antiquities.
|
| 700 |
1 |
|
|a Freeman, Martha Doty.
|
| 700 |
1 |
|
|a Blake, Marie E.
|q (Marie Elaina),
|d 1970-
|
| 700 |
1 |
|
|a Boyd, Douglas K.
|q (Douglas Kevin)
|
| 830 |
|
0 |
|a Technical reports (Prewitt and Associates) ;
|v no. 49.
|
| 994 |
|
|
|a E0
|b TXA
|
| 999 |
|
|
|a MARS
|
| 999 |
f |
f |
|s a3be95d0-cbbd-32b8-b983-959108177d3e
|i 6dac8ed9-96a3-37a1-a27e-79b61652025e
|t 0
|
| 952 |
f |
f |
|p normal
|a Texas A&M University
|b College Station
|c Sterling C. Evans Library
|d Evans: Texas Documents (Annex 5th floor)
|t 0
|e H2000.8 T698WI 2000
|h Superintendent of Documents classification
|i unmediated -- volume
|m A14828734214
|
| 998 |
f |
f |
|a H2000.8 T698WI 2000
|t 0
|l Evans: Texas Documents (Annex 5th floor)
|